zpět

Detail výsledku týmu

Pardubický Pub PO, Pardubice

Datum a čas kvízu

34 Celkem bodů Celkový počet nahraných bodů na tomto kvízu bez doplňovacích otázek.
3. Pořadí na kvízu Konečné umístění týmu na tomto kvízu.

Zaznamenané odpovědi

# Otázka Odpověď Body Výsledky
1. Šéf odborů po svém znovuzvolen... Josef Středula 1
2. Ruská plynárenská společnost G... Polsko, Bulharsko 1
3. Ve čtvrtek vstoupil do našich... Promlčeno 1
4. Tradiční český výrobce letadel... v Kunovicích 0
5. V minulém kole skalp pražské S... Hradec Králové 1
6. Při závodech osmiveslic nesmí... kormidelníka 0
7. Seřaďte následující zvířata po... 1A 2D 3B 4C 0
8. Sféra s 26 otvory, plocha 800... o florbale 0
9. Kterou hodnotu určuje číslo 88... B 0
10. Křížová cesta je řada kapliček... 14 zastavení 0